000 00557nam a22002057a 4500
005 20250324115326.0
008 250324b |||||||| |||| 00| 0 eng d
020 _a978-93-5532-511-2
_cRs.885.00
040 _aLoreto College
041 _aEnglish
082 _a153.94
_bSHA
100 _aSharma,Arun
245 _aLogical Reasoning for CAT
_cArun Sharma
250 _a7th ed.
260 _aChennai
_bMcGraw Hill Education
_c2023
300 _aVarious pages.
_b26cm.
650 _aCompetitive examination book-CAT
850 _aLCLIB
942 _cBK
999 _c43952
_d94431